Normal view
MARC view
Entry Topical Term
001 - CONTROL NUMBER
- control field: 54973
003 - CONTROL NUMBER IDENTIFIER
- control field: OSt
005 - DATE AND TIME OF LATEST TRANSACTION
- control field: 20241009145052.0
008 - FIXED-LENGTH DATA ELEMENTS
- fixed length control field: 241009|| aca||aabn | a|a d
040 ## - CATALOGING SOURCE
- Original cataloging agency: OSt
- Transcribing agency: OSt
150 ## - HEADING--TOPICAL TERM
- Topical term or geographic name entry element: အာနန္ဒာဘုရား
- General subdivision: သမိုင်း
670 ## - SOURCE DATA FOUND
- Source citation: Work cat.: (OSt)16653: အောင်ကြိုင်၊ မင်းဘူး- 17286, လက်ရာစုံစွာအာနန္ဒာ /, ၁၉၉၇။